Der Peeneraum zwischen Frühgeschichte und Mittelalter. - Bonn : Habelt. - 2011 [Rezension]
| Titel: | Der Peeneraum zwischen Frühgeschichte und Mittelalter. - Bonn : Habelt. - 2011 [Rezension] |
|---|---|
| Verfasser: | |
| In: |
Prähistorische Zeitschrift, Band 87, Heft 2 (2012), Seite 509-515 alle Artikel anzeigen |
| Veröffentlicht: | 2012 |
| Format: | Aufsatz |
| Sprache: | Deutsch |
| Hinweise zum Inhalt: |
zusätzliche Angaben
|
X
alg: 39515103
001A $01999:12-11-16
001B $01999:09-08-21 $t17:41:11.000
001D $01999:12-11-16
001U $0utf8
001X $00
002@ $0Aox
003@ $0395151031
007A $0395151031 $aHEB
007T $0Herdc0111070m
009P $A2 $3zusätzliche Angaben $uhttp://www.degruyter.com/view/j/prhz.2012.87.issue-2/pz-2012-0024/pz-2012-0024.xml?format=INT
010@ $ager
011@ $a2012
021A $aDer @Peeneraum zwischen Frühgeschichte und Mittelalter. - Bonn : Habelt. - 2011 [Rezension]
028A $aKlammt $dAnne
031A $d87 $e2 $h509-515 $j2012
039B $aIn $8--Abvc--. Prähistorische Zeitschrift. - Berlin {[u.a.] : de Gruyter, 1909-. - ISSN 0079-4848 $x201200000870002491 $9047249722
039T $8--Aax--. Der @Peeneraum zwischen Frühgeschichte und Mittelalter. - Bonn : Habelt, c 2011. - 349 S.. - Ill., graph. Darst., Kt.. - ISBN 978-3-7749-3755-0 $9290241375
045F $a900.943816 $eDDC23BSB
045F/01 $a900
045F/03 $g43816
045T $a6,11
lok: 39515103 78
exp: 39515103 78 1 #EPN
201B/01 $018-11-16 $t13:54:14.000
201U/01 $0utf8
203@/01 $0791450082
208@/01 $a12-11-16 $be
209A/01 $a/ $f000 $x00
220C/01 $aTitelaufnehmer: pg
220C/01 $aHerkunft: HI Marburg
244Z/01 $2Trx $#Pomeranija $#Pommern $#Pomoransko $#Pomořansko $#Hinterpommern;Vorpommern;Mittelpommern $#Pomorze Środkowe;Pomorze Przednie $#Pomořansko;Západní Pomořany; Pomořany $8--Trx--Pomorze Zachodnie $x01 $9391303775
244Z/01 $2Trx $#arvustused $#recenzijos $#Reviews $#recenziók $#recenzje $#recenzie $#recenze $8--Trx--Rezensionen $x02 $9391357441
244Z/01 $2Trx $8--Trx--elektronische Ressource $x03 $939138452X
247C/01 $82080>Marburg/Lahn, Herder-Institut, Forschungsbibliothek, Bibliographieportal $9336309341
| LEADER | 00000caa a22000002c 4500 | ||
|---|---|---|---|
| 001 | 395151031 | ||
| 003 | DE-603 | ||
| 005 | 20210809174111.0 | ||
| 007 | tu | ||
| 008 | 161112s2012 xx |||| | u00||u|ger c | ||
| 035 | |a (DE-599)HEB395151031 | ||
| 040 | |a DE-603 |b ger |c DE-603 |d DE-603 | ||
| 041 | |a ger | ||
| 082 | 0 | 4 | |8 1\u |a 900.943816 |q DE-101 |2 23/BSB |
| 084 | |a 6,11 |2 ssgn | ||
| 085 | |8 1\u |b 900 | ||
| 085 | |8 1\u |z 2 |s 43816 | ||
| 100 | 1 | |a Klammt, Anne | |
| 245 | 0 | 0 | |a Der Peeneraum zwischen Frühgeschichte und Mittelalter. - Bonn : Habelt. - 2011 [Rezension] |
| 264 | 0 | |c 2012 | |
| 773 | 0 | 8 | |i In |t Prähistorische Zeitschrift |d Berlin [u.a.] : de Gruyter, 1909- |x 0079-4848 |g Band 87, Heft 2 (2012), Seite 509-515 |w (DE-603)047249722 |w (DE-600)200096-9 |
| 787 | 0 | 8 | |i Rezension von |t Der Peeneraum zwischen Frühgeschichte und Mittelalter |d Bonn : Habelt, c 2011 |h 349 S., Ill., graph. Darst., Kt. |z 9783774937550 |w (DE-603)290241375 |
| 856 | 4 | 2 | |u http://www.degruyter.com/view/j/prhz.2012.87.issue-2/pz-2012-0024/pz-2012-0024.xml?format=INT |3 zusätzliche Angaben |
| 924 | 0 | |9 2080 |a (DE-603)791450082 |b DE-2080 |c HES |d d |g / | |


